00538cam a22001817a 450000500170000000800410001701000100005801100100006803500100007808200150008810000220010324501070012526000400023230000100027265000280028265000220031065000240033220220329141253.0971010s1989 r 00010 d a65500 a66472 a74646 a633.11bR300aRajaram, Sanjaya. 0aResultados del 23 Ensayo Internacional de Rendimiento de Trigos Harineros de Primavera (ISWYN) 1986-87 aEl Batán, Méx. :bCIMMYT,c1989 a88 p.14aTrigoxInvestigación.14aTrigoxProductos.14aTrigoxRendimiento.